| 000 | 00635nam a22002057a 4500 | ||
|---|---|---|---|
| 999 |
_c20911 _d20911 |
||
| 003 | AR-CdUCM | ||
| 008 | 190426b ||||| |||| 00| 0 spa d | ||
| 040 |
_aMUNICIPALIDAD PROVINCIAL DEL CUSCO _cBIBLIOTECA MUNICIPAL DEL CUSCO |
||
| 082 |
_a372.64 / _bV64 _25ed. |
||
| 100 |
_aVigil, Constancio C. _934275 |
||
| 245 | _aTragapatos / | ||
| 260 |
_aBuenos Aires : _bAtlantida, _c1956. |
||
| 300 |
_bIlustraciones, _c21 cm. |
||
| 505 | _aContenido: Cuentos e historias. | ||
| 650 |
_aCuentos _9312 |
||
| 650 |
_aHistorias _92725 |
||
| 700 |
_aPalacio, Lino (ilustraciones) _943638 |
||
| 942 |
_2ddc _cLIBROS |
||
| 945 |
_aAndy _d2019-04-26 |
||